Представление документа в формате MARC21

ПолеНазваниеЗначение
  Тип записи a
  Библиографический уровень m
001 Контрольный номер RU\infra-m\znanium\bibl\2219305
005 Дата корректировки 20260429142218.7
008 Кодируемые данные 251024s2025 RU g rus u
020 Индекс ISBN __
a ISBN 978-5-16-021582-2
020 Индекс ISBN __
a ISBN 978-5-16-107203-5 (электр. издание)
040 Источник каталогиз. __
a Служба первич. каталог. Общество с ограниченной ответственностью «ЗНАНИУМ»
041 Код языка издания __
a Код языка текста rus
044 Код страны публикации __
a Код страны публикации RU
080 Индекс УДК __
a Индекс УДК [811.112.2+796](075.8)
084 Индекс другой классификации/Индекс ББК __
2 Источник индекса rubbk
a Индекс другой классификации/Индекс ББК 81.2Нем:75я73
084 Индекс другой классификации/Индекс ББК __
2 Источник индекса okso
a Индекс другой классификации/Индекс ББК 00.03.02
084 Индекс другой классификации/Индекс ББК __
2 Источник индекса okso
a Индекс другой классификации/Индекс ББК 49.03.01
084 Индекс другой классификации/Индекс ББК __
2 Источник индекса okso
a Индекс другой классификации/Индекс ББК 49.03.02
084 Индекс другой классификации/Индекс ББК __
2 Источник индекса okso
a Индекс другой классификации/Индекс ББК 49.03.03
100 Автор __
a Автор Акиншина И.Б.
q Полное имя Акиншина Инна Брониславовна
u Дополнение Белгородский государственный национальный исследовательский университет
245 Заглавие __
a Заглавие Немецкий язык для спортсменов. Deutsch fur Sportler
b Продолж. заглавия Учебное пособие
c Ответственность Белгородский государственный национальный исследовательский университет
250 Сведения об издании __
a Основные сведения об издании 1
260 Выходные данные __
a Место издания Москва
b Издательство ООО "Научно-издательский центр ИНФРА-М"
c Дата издания 2026
300 Физическое описание __
a Объем 228 с.
440 Серия __
a Серия Профессиональный иностранный язык
520 Аннотация __
a Аннотация Учебное пособие содержит материалы для активного усвоения общеобразовательной и спортивной лексики тесты для чтения и реферирования. Основная цель обучения достигается комплексным изучением немецкого языка посредством единой тематической направленности устных тем текстов для чтения и упражнений. Соответствует требованиям федеральных государственных образовательных стандартов высшего образования последнего поколения. Для студентов факультетов физической культуры и спорта высших учебных заведений. Материалы могут быть использованы как для занятий в аудитории так и для самостоятельной работы обучающихся.
521 Примеч. о цел. назн. __
a Примеч. о целев. назн. ВО - Бакалавриат
650 Тематические рубрики __
a Основная рубрика Филологические науки
x Основная подрубрика Немецкий язык
655 Указ. предметных рубрик (устаревшее) __
a Жанр/ форма (устаревшее) Учебное пособие
700 Другие авторы __
a Другие авторы Мирошниченко Л.Н.
q Полное имя Мирошниченко Лариса Николаевна
u Дополнение Белгородский государственный национальный исследовательский университет
856 Электронный адрес документа 4_
a Имя сервера/домена znanium.ru
m Помощь ebs_support@infra-m.ru
n Местонахождение сервера НИЦ ИНФРА-М
u URL https://znanium.ru/catalog/document?id=471674
856 Электронный адрес документа 48
a Имя сервера/домена znanium.ru
d Путь /cover/2219
f Электронное имя 2219305.jpg
q Тип электронного формата image/jpeg
u URL https://znanium.ru/cover/2219/2219305.jpg
911 __
u 0030=https://znanium.ru/catalog/document?id=471674